Metallica- What Should Their Greatest Hits Be? - Statistics

General Stats
  • This quiz has been taken 32 times
    13 since last reset
  • The average score is 23 of 37
Answer Stats
Hint: Album Answer % Correct
Master of Puppets Master of Puppets
100%
Ride the Lightning Ride the Lightning
91%
Kill Em' All Seek and Destroy
91%
Metallica Enter Sandman
82%
Ride the Lightning For Whom the Bell Tolls
82%
Metallica The Unforgiven
82%
...And Justice For All ...And Justice For All
73%
Reload Fuel
73%
Load King Nothing
73%
...And Justice For All One
73%
Metallica Wherever I May Roam
73%
Master of Puppets Battery
64%
...And Justice For All Blackened
64%
Ride the Lightning Creeping Death
64%
Ride the Lightning Fade to Black
64%
Hardwired... To Self Destruct Hardwired
64%
72 Seasons Lux AEterna
64%
Metallica Nothing Else Matters
64%
Metallica Sad But True
64%
St. Anger St. Anger
64%
Kill Em' All The Four Horsemen
64%
Reload The Memory Remains
64%
Kill Em' All Whiplash
64%
72 Seasons 72 Seasons
55%
Garage Inc.(Ride the Lightning Era) Am I Evil?
55%
Garage Inc.(...And Justice For All Era) Breadfan
55%
Reload The Unforgiven II
55%
Master of Puppets Welcome Home (Sanitarium)
55%
...And Justice For All Harvester of Sorrow
45%
Hardwired... To Self Destruct Moth Into Flame
45%
Death Magnetic The Day That Never Comes
45%
Garage Inc.(Load/Reload Era) Turn the Page
45%
Load Until it Sleeps
45%
St. Anger All Within My Hands
36%
Death Magnetic Cyanide
36%
Load Hero of the Day
36%
Garage Inc.(Load/Reload Era) Whiskey in the Jar
36%
No matching quizzes found
Score Distribution
Percent of People with Each Score
Percentile by Number Answered
Your Score History
You have not taken this quiz since the last reset